| 000 -LEADER |
| fixed length control field |
00736nam a22002417a 4500 |
| 001 - CONTROL NUMBER |
| control field |
19705 |
| 003 - CONTROL NUMBER IDENTIFIER |
| control field |
BD-DhUAP |
| 005 - DATE AND TIME OF LATEST TRANSACTION |
| control field |
20210104125732.0 |
| 008 - FIXED-LENGTH DATA ELEMENTS--GENERAL INFORMATION |
| fixed length control field |
200129r20152012nyua b 001 0 eng d |
| 020 ## - INTERNATIONAL STANDARD BOOK NUMBER |
| International Standard Book Number |
8131518205 |
| 040 ## - CATALOGING SOURCE |
| Original cataloging agency |
BD-DhUAP |
| Language of cataloging |
Eng |
| Transcribing agency |
BD-DhUAP |
| Modifying agency |
BD-DhUAP |
| 082 00 - DEWEY DECIMAL CLASSIFICATION NUMBER |
| Edition number |
23 |
| Classification number |
338.5 MAN |
| 100 1# - MAIN ENTRY--PERSONAL NAME |
| Personal name |
Mankiw, N. Gregory. |
| 245 10 - TITLE STATEMENT |
| Title |
Principles of microeconomics / |
| Statement of responsibility, etc. |
N. Gregory Mankiw. |
| 250 ## - EDITION STATEMENT |
| Edition statement |
6th ed. |
| 260 ## - PUBLICATION, DISTRIBUTION, ETC. |
| Place of publication, distribution, etc. |
Andover : |
| Name of publisher, distributor, etc. |
Cengage Learning, |
| Date of publication, distribution, etc. |
c2012 [Reprinted 2015]. |
| 300 ## - PHYSICAL DESCRIPTION |
| Extent |
xxiv, 503 pages : |
| Other physical details |
illustrations ; |
| Dimensions |
26 cm. |
| 504 ## - BIBLIOGRAPHY, ETC. NOTE |
| Bibliography, etc. note |
Includes bibliographical references and index. |
| 650 #0 - SUBJECT ADDED ENTRY--TOPICAL TERM |
| Topical term or geographic name entry element |
Microeconomics. |
| 942 ## - ADDED ENTRY ELEMENTS (KOHA) |
| Source of classification or shelving scheme |
|
| Koha item type |
Book |